Normal view
MARC view
- بزا، عبد النور
Entry Personal Name
001 - CONTROL NUMBER
- control field: 52271
003 - CONTROL NUMBER IDENTIFIER
- control field: JO-AjAnu
005 - DATE AND TIME OF LATEST TRANSACTION
- control field: 20230606082607.0
008 - FIXED-LENGTH DATA ELEMENTS
- fixed length control field: 230606|| aca||aabn | a|a d
040 ## - CATALOGING SOURCE
- Original cataloging agency: JO-AjAnu
- Transcribing agency: JO-AjAnu
100 ## - HEADING--PERSONAL NAME
- Personal name: بزا، عبد النور
670 ## - SOURCE DATA FOUND
- Source citation: Work cat.: (JO-AjAnu)26713: بزا، عبد النور, author, مصالح الإنسان مقاربة مقاصدية